Николай Васильевич Здобнов (1888-1942) (Запись № 490197)

Подробности
000 -МАРКЕР
контрольное поле 02167nam0a2200337 4500
001 - ИДЕНТИФИКАТОР ЗАПИСИ
контрольное поле RU\NLR\bibl\89646
005 - ИДЕНТИФИКАТОР ВЕРСИИ
контрольное поле 20260406161541.0
010 ## - МЕЖДУНАРОДНЫЙ СТАНДАРТНЫЙ НОМЕР КНИГИ (ISBN)
Номер (ISBN) 5-7142-0253-8
Тираж 500
021 ## - НОМЕР ГОСУДАРСТВЕННОЙ РЕГИСТРАЦИИ
Код страны Российская Федерация
Номер 2000-5479
Номер Листа государственной регистраци 278
035 ## - ДРУГИЕ СИСТЕМНЫЕ НОМЕРА
Идентификатор записи (NLR Aleph) 000087588
100 ## - ДАННЫЕ ОБЩЕЙ ОБРАБОТКИ
Данные общей обработки 20000602d1999 |||y0rusy50 ca
101 0# - ЯЗЫК РЕСУРСА
Язык текста, звукозаписи и т.д. русский
102 ## - СТРАНА ПУБЛИКАЦИИ ИЛИ ПРОИЗВОДСТВА
Страна публикации Российская Федерация
105 ## - ПОЛЕ КОДИРОВАННЫХ ДАННЫХ: ТЕКСТОВЫЕ МАТЕРИАЛЫ, МОНОГРАФИЧЕСКИЕ
Кодированные данные о монографическом текстовом документе y |||||||||
200 1# - ЗАГЛАВИЕ И СВЕДЕНИЯ ОБ ОТВЕТСТВЕННОСТИ
Основное заглавие Николай Васильевич Здобнов (1888-1942)
Сведения, относящиеся к заглавию Биоблиогр. указ.
Первые сведения об ответственности [Сост.: С.Б. Борисов, Е.А. Брякова
Последующие сведения об ответственности Вступ. ст.: С.Б. Борисова]
210 ## - ПУБЛИКАЦИЯ, РАСПРОСТРАНЕНИЕ И ДР.
Место издания, распространения и т.д. Шадринск
Имя издателя, распространителя и т. д. ПО "Исеть"
Дата издания, распространения и т.д. 1999
215 ## - ФИЗИЧЕСКАЯ ХАРАКТЕРИСТИКА
Специфическое обозначение материала и объем 156 с.
Размеры 20
300 ## - ОБЩИЕ ПРИМЕЧАНИЯ
Текст примечания В надзаг. также: Шадр. гос. пед. ин-т, Шадр. о-во краеведов, Администрация г. Шадринска. Отд. культуры
423 #0 - ИЗДАЕТСЯ В ОДНОЙ ОБЛОЖКЕ ВМЕСТЕ С ...
Встроенное поле 2001#$aСтатьи Н.В. Здобнова в шадринских газетах (1913-1918)$fШадрин. движение за культурное возрождение и др.
-- 210##$aШадринск$cПО "Исеть"$d1999
-- 215##$aС. 93-154,[1] с.$cил., портр.$d20
-- 700#1$aЗдобнов$bН.В.$f1888-1942$cбиблиограф$3RU\NLR\AUTH\770180886$gНиколай Васильевич$4070
Заглавие Статьи Н.В. Здобнова в шадринских газетах (1913-1918)
Автор Здобнов, Николай Васильевич (библиограф ; 1888-1942)
600 #1 - ИМЯ ЛИЦА КАК ПРЕДМЕТ
Начальный элемент ввода Здобнов
Часть имени, кроме начального элемента ввода Н. В.
Даты 1888 - 1942
Расширение инициалов личного имени Николай Васильевич
Формальный подзаголовок Биобиблиография
Системный номер авторитетной/нормативной записи 1142635
Идентификатор авторитетной/нормативной записи RU\NLR\auth\66136552
686 ## - ИНДЕКСЫ ДРУГИХ КЛАССИФИКАЦИЙ
Индекс Ч753(2)7-8Здобнов
702 #1 - ИМЯ ЛИЦА - ВТОРИЧНАЯ ОТВЕТСТВЕННОСТЬ
Код отношения Составитель
Графика поля Кириллица
Материалы, к которым относится поле rus
Начальный элемент ввода Борисов
Часть имени, кроме начального элемента ввода С. Б.
Дополнения к именам, кроме дат д-р культурологии, писатель
Даты 1963-
Расширение инициалов личного имени Сергей Борисович
Системный номер авторитетной/нормативной записи 5252
Идентификатор авторитетной/нормативной записи RU\NLR\auth\7722193
712 02 - НАИМЕНОВАНИЕ ОРГАНИЗАЦИИ - ВТОРИЧНАЯ ОТВЕТСТВЕННОСТЬ
Код отношения Прочие
Начальный элемент ввода Шадринское движение за культурное возрождение
Системный номер авторитетной/нормативной записи 361025
Идентификатор авторитетной/нормативной записи RU\NLR\AUTH\889932894
801 #0 - ИСТОЧНИК ЗАПИСИ
Страна Российская Федерация
Организация NLR
Дата составления 20000602
Правила каталогизации PSBO
801 #1 - ИСТОЧНИК ЗАПИСИ
Страна Российская Федерация
Организация NLR
Дата составления 20000602
852 ## - МЕСТОНАХОЖДЕНИЕ И ШИФР ХРАНЕНИЯ
Идентификатор организации NLR
Шифр хранения (Call Number) С К-1/7975
942 ## - ДОПОЛНИТЕЛЬНЫЕ ЭЛЕМЕНТЫ ЗАПИСИ (АБИС)
Тип экземпляра АБИС Книга
980 ## - КОЛЛЕКЦИЯ
Название коллекции Национальная библиография
Экземпляры
Тип экземпляра Дата поступления Источник поступления Библиотека постоянного хранения Библиотека текущего хранения Место хранения Штрих-код Статус экземпляра Шифр хранения
Книга 30.06.2005 Дар РНБ (Московский) РНБ (Московский) Обменный фонд 947223    
Книга 02.06.2000 Обязательный экземпляр РНБ (Московский) РНБ (Московский) Центральная справочная библиотека 1-3639698   С К-1/7975
Книга 02.06.2000 Обязательный экземпляр РНБ (Московский) РНБ (Московский) Центральная справочная библиотека 1-3639699   С К-1/7975